00602nam a22001697a 450000500170000001000130001702000260003003500110005603700130006708200080008010000490008824500730013724600550021026000520026527000920031730000230040920201026114934.0 aUR-10911 c280.00a9789389358971 aU-9466 bDBAD/PUB a844 dمر تبہ:قا ضی نو يد صد يقی  aنير نگ خيا ل cمر تبہ:قا ضی نو يد صد يقی  bNairang -E-Khayal (Urdu)aby Quazi Naweed Siddiqui aN.Delhi bEducational Publishing Housec2019 ء aH.O.D1/16,Ansari Road,Darya ganj,bN.Delhie110002k45678285,23216162l0091-11-23211540 a263 ص c22 Cm(Hb)